000 00441ntaaa2200181 4500
003 01
005 20251027202030.0
008 0714s1973 ag 01
040 _aAR-BaBN
_bspa
_cAR-BaBN
_eaacr
_dRIC
082 _a249.0000 D272
100 _aDawson, W.J.
_918960
245 _aThe forgotten secret
250 _a1 ed.
260 _aNew York :
_bFleming H. Revell Company,
_c1906
300 _a64 p
650 _aoración
_91331
942 _cBK
999 _c15108
_d15108